| 000 | 00740nam a22002297a 4500 | ||
|---|---|---|---|
| 003 | DO-SdBNP | ||
| 005 | 20240410135417.0 | ||
| 008 | 171124b1973 sp 00| 0 spa d | ||
| 020 | _a8425001552 | ||
| 040 |
_aBPMSU _bspa _cBPMSU |
||
| 082 | 4 |
_a861.3 _bK29p 1973 _222 |
|
| 100 | 1 |
_aNavarro de Kelley, Emilia _4 |
|
| 245 | 1 | 3 |
_aLa poesía metafísica de Quevedo/ _cEmilia Navarro de Kelley |
| 260 |
_aMadrid : _bEdiciones Guadarrama, _c1973 |
||
| 300 |
_a172 p. ; _c18 cm |
||
| 590 | _aInventariado, 2024/VM | ||
| 600 | 1 | 4 |
_aQuevedo y Villegas, Francisco Gómez de, _d1580-1645 _xCrítica e interpretación |
| 650 | 4 | _aPoesía española | |
| 650 | 4 |
_aMetafísica _vPoesías |
|
| 910 | _aVMateo V. Control de calidad. BPMSU | ||
| 942 |
_2ddc _cBK |
||
| 999 |
_c13082 _d13082 |
||